000 00408nam a22001577a 4500
003 OSt
008 250903b |||||||| |||| 00| 0 eng d
041 _amal
082 _a894.812301
_bNAT/KA
100 _aNattukal, Rajagopalan
_97826
245 _aKalluedathi /
_bകല്ല്വേടത്തി
260 _aKozhikode
_bB.C. Books,
_c2018.
300 _a65 p.
650 _aStories
_96292
942 _cBK
999 _c19510
_d19510